| 000 | 01119cam a2200325 i 4500 | ||
|---|---|---|---|
| 999 |
_c7352 _d7352 |
||
| 001 | .b75262587 | ||
| 003 | OSt | ||
| 005 | 20240710141234.0 | ||
| 008 | 210420e202102 spca||| |||| 0|0 facat|c | ||
| 017 |
_aDL B 21192-2021 _bBiblioteca de Catalunya |
||
| 020 | _a9788466425889 | ||
| 040 |
_aES-BaBAB _bcat _erda _cES-BaBAB |
||
| 041 | 0 | _acat | |
| 043 | _ae-uke-- | ||
| 080 | _a07 | ||
| 100 | 1 | _aFoix, Lluís, | |
| 245 | 1 | 4 |
_aUna Mirada anglesa / _cLluís Foix ; pròleg de Carles Casajuana |
| 264 | 1 |
_aBarcelona : _bColumna, _c2021 |
|
| 300 |
_a268 pàgines, 16 pàgines de làmines : _bil·lustracions en color ; _c21 cm |
||
| 490 | 1 |
_aCol·lecció clàssica ; _v1298 |
|
| 600 | 1 | 7 |
_aFoix, Lluís, _d1943- |
| 650 | 0 | 4 |
_aCorresponsals estrangers _zAnglaterra _zLondres |
| 650 | 0 | 7 |
_aPeriodistes _zCatalunya _xBiografia _2lemac |
| 651 | 7 |
_aAnglaterra _xDescripcions i viatges _2lemac |
|
| 651 | 7 |
_aLondres (Anglaterra) _xDescripcions i viatges _2lemac |
|
| 830 | 0 |
_aCol·lecció clàssica ; _v1298 |
|
| 907 |
_a.b75262587 _b19-05-21 _c20-04-21 _d20-04-21 _em _fa _g- _hcat _ispc _j0 _k0 |
||
| 940 | _aBAB | ||
| 942 |
_2udc _cMON |
||